000 00281nam a22001217a 4500
040 _cDLC
082 _a891.4393
_bQAS
100 _aQasmi, Ahmad Nadeem
_93596
245 _aMajmoa Ahmad Nadeem Qasmi
260 _aLahore
_bSang-e-Meel
_c2008
300 _a807p. :
942 _2ddc
_cBK
999 _c586191
_d586191